[Event "18th American Continental"]
[Site "Foz do Iguacu BRA"]
[Date "2025.05.23"]
[Round "1.77"]
[White "Montevilla C., Elias Alejandro"]
[Black "Sanhueza, Cristian"]
[Result "0-1"]
[BlackTitle "FM"]
[WhiteElo "1769"]
[BlackElo "2182"]
[WhiteFideId "3322211"]
[BlackFideId "116815"]
[EventDate "2025.05.23"]

1. d4 Nf6 2. Bf4 g6 3. Nc3 c5 4. e3 Bg7 5. Be2 O-O 6. h3 cxd4 7. exd4 d5 8. Nf3
Nc6 9. O-O Ne4 10. Bb5 Qa5 11. Bxc6 Nxc3 12. Bd2 bxc6 13. Bxc3 Qc7 14. Qd2 Bf5
15. Rfe1 Rfe8 16. a4 f6 17. Ba5 Qb7 18. Bc3 Qc7 19. Ba5 Qb7 20. Bc3 g5 21. Ra3
Rab8 22. a5 e6 23. Rb3 Qc7 24. Bb4 h6 25. Rbe3 e5 26. Qc3 e4 27. Nd2 Bg6 28. Qa3
Qf7 29. Rc3 Rbc8 30. a6 f5 31. Nb3 f4 32. Bc5 f3 33. Na5 g4 34. g3 gxh3 35. Kh2
Re6 36. Nb7 Ra8 37. Qb4 h5 38. Nd6 Qe7 39. Qb7 Rd8 40. Qxe7 Rxe7 41. Nb7 Red7
42. Bxa7 Ra8 43. Rxc6 Rxa7 44. Rxg6 Kf7 45. Rxg7+ Kxg7 46. Nc5 Rd6 47. Ra1 Rb6
48. b3 Kf6 49. Kxh3 Kg5 50. Ra5 Kf5 51. c3 h4 52. gxh4 Rg6 53. Ra1 Rg2 54. Rf1
Rag7 55. b4 e3 56. h5 R7g5 57. Kh4 R2g4+ 58. Kh3 Rxh5# 0-1

[Event "18th American Continental"]
[Site "Foz do Iguacu BRA"]
[Date "2025.05.23"]
[Round "1.78"]
[White "Cantero, Rodolfo"]
[Black "Britez, G Jorge A"]
[Result "1-0"]
[WhiteTitle "CM"]
[WhiteElo "2179"]
[BlackElo "1764"]
[WhiteFideId "3703762"]
[BlackFideId "3700585"]
[EventDate "2025.05.23"]

1. e4 c6 2. d4 d5 3. Nd2 dxe4 4. Nxe4 Bf5 5. Ng3 Bg6 6. h4 h6 7. Nf3 Nd7 8. h5
Bh7 9. Bd3 Bxd3 10. Qxd3 e6 11. Bd2 Ngf6 12. O-O-O Be7 13. Kb1 Rc8 14. Ne4 c5
15. g4 Nxg4 16. Rhg1 f5 17. Rxg4 fxg4 18. Nh2 O-O 19. Nxg4 Nf6 20. Ngxf6+ Bxf6
21. Nxc5 Qxd4 22. Qxd4 Bxd4 23. Nxe6 Bxf2 24. Nxf8 Rxf8 25. Bc3 Rf5 26. Rh1 Bh4
27. Rg1 Bf6 28. Bxf6 Rxf6 29. Kc1 Kf7 30. Rd1 Ke6 31. Rd8 Rf7 32. Kd2 Rf5 33.
Rb8 Rb5 34. b3 Kf6 35. c4 Rxh5 36. Rxb7 Rh2+ 37. Kd3 Rxa2 38. c5 g5 39. Rh7 Kg6
40. c6 Ra6 41. Rc7 g4 42. b4 g3 43. Ke2 Ra2+ 44. Kf1 Kg5 45. b5 Rb2 46. Rxa7
Rxb5 47. c7 Rc5 48. Ra5 Rxa5 49. c8=Q Rf5+ 50. Kg2 h5 51. Kxg3 h4+ 52. Kg2 Kg4
53. Qd7 Kg5 54. Qe7+ Kf4 55. Qxh4+ Ke5 56. Kg3 Ke6 57. Qc4+ Kf6 58. Qc3+ Kg6 59.
Qc2 Kg5 60. Qc1+ Kg6 61. Kg4 Rf6 62. Qb1+ Kg7 63. Kg5 Rf7 64. Qa1+ Kf8 65. Kg6
Re7 66. Qh8# 1-0

[Event "18th American Continental"]
[Site "Foz do Iguacu BRA"]
[Date "2025.05.23"]
[Round "1.79"]
[White "Diaz Bermudez, Pedro Teofilo"]
[Black "Almeida Junior, Alvaro Alves de"]
[Result "0-1"]
[WhiteElo "1764"]
[BlackElo "2179"]
[WhiteFideId "3856429"]
[BlackFideId "2149974"]
[EventDate "2025.05.23"]

1. e4 c5 2. Nf3 d6 3. d4 cxd4 4. Nxd4 Nf6 5. Nc3 a6 6. Be2 e5 7. Nb3 Be7 8. a4
Be6 9. O-O Nbd7 10. Be3 Rc8 11. a5 O-O 12. Qd2 Qc7 13. Bf3 Rfe8 14. Rfc1 h6 15.
Nd5 Bxd5 16. exd5 Qc4 17. Qd3 Qb4 18. Be2 Qh4 19. g3 Qh3 20. Bf1 Qh5 21. Nd2 Ng4
22. h3 Nxe3 23. Qxe3 Bg5 24. Qe1 e4 25. Ra3 Ne5 26. h4 Bxd2 27. Qxd2 Nf3+ 28.
Rxf3 exf3 29. Qb4 Qxd5 30. c4 Qc6 31. Rd1 Rcd8 32. Qc3 Re6 33. Rd5 Rf6 34. b4
Re8 35. Qd2 Re5 36. Rd4 Re4 37. Rd5 Rxc4 38. Bxc4 Qxc4 39. Rd3 Qe6 40. Kh2 Qe2
41. Kg1 Rg6 42. Qe3 Rxg3+ 43. Kh2 Rg2+ 44. Kh3 Qf1 45. Qe8+ Kh7 0-1

[Event "18th American Continental"]
[Site "Foz do Iguacu BRA"]
[Date "2025.05.23"]
[Round "1.80"]
[White "Arias Diaz, Miguel Angel"]
[Black "Zottis, Pietro"]
[Result "1-0"]
[WhiteElo "2176"]
[BlackElo "1757"]
[WhiteFideId "3432742"]
[BlackFideId "22746838"]
[EventDate "2025.05.23"]

1. d4 d5 2. c4 e6 3. Nc3 Nf6 4. cxd5 exd5 5. Bg5 Be7 6. e3 c6 7. Bd3 h6 8. Bf4
O-O 9. b3 Bd6 10. Nge2 Re8 11. O-O Bxf4 12. Nxf4 Nbd7 13. Qc2 Nf8 14. b4 Qd6 15.
b5 c5 16. dxc5 Qxc5 17. Ncxd5 Qxc2 18. Nxf6+ gxf6 19. Bxc2 Bd7 20. Nd5 Kg7 21.
Nc7 Rec8 22. Nxa8 Rxc2 23. Rfc1 Rxc1+ 24. Rxc1 Bxb5 25. Nc7 Bc6 26. Rd1 Ne6 27.
Nxe6+ fxe6 28. f3 Kf7 29. Kf2 Ke7 30. Rd4 Kf7 31. e4 Kg6 32. Ke3 e5 33. Rd8 f5
34. Rd6+ Kg5 35. exf5 Kxf5 36. Rxh6 Kg5 37. Rd6 1-0

[Event "18th American Continental"]
[Site "Foz do Iguacu BRA"]
[Date "2025.05.23"]
[Round "1.81"]
[White "Vieira, Erico Vinicius Duarte"]
[Black "Jardim, Frederico Rodrigues"]
[Result "0-1"]
[BlackTitle "CM"]
[WhiteElo "1753"]
[BlackElo "2173"]
[WhiteFideId "2181843"]
[BlackFideId "22798404"]
[EventDate "2025.05.23"]

1. d4 Nf6 2. c4 e6 3. Nc3 Bb4 4. Qc2 Nc6 5. e3 O-O 6. Bd3 e5 7. d5 Ne7 8. Nf3
Bxc3+ 9. bxc3 d6 10. O-O c6 11. Ng5 h6 12. Nh7 Nxh7 13. Bxh7+ Kh8 14. Be4 f5 15.
Bf3 e4 16. Be2 c5 17. f3 exf3 18. Bxf3 Ng6 19. Bd2 Ne5 20. Be2 Bd7 21. Bd3 Qe8
22. Rae1 Qh5 23. e4 fxe4 24. Rxe4 Nxd3 25. Qxd3 Bf5 26. Rxf5 Qxf5 27. h3 Rae8
28. Re3 Rxe3 29. Qxe3 Qf1+ 30. Kh2 Qxc4 31. Qe7 Qf1 32. a4 Qf6 33. Qxb7 Qe5+ 34.
Kg1 Qe2 0-1

[Event "18th American Continental"]
[Site "Foz do Iguacu BRA"]
[Date "2025.05.23"]
[Round "1.82"]
[White "Silverio, Vitor Luis De Jesus"]
[Black "Gomes, Marco Tulio Caldeira"]
[Result "1-0"]
[WhiteElo "2166"]
[BlackElo "1752"]
[WhiteFideId "22797289"]
[BlackFideId "2115271"]
[EventDate "2025.05.23"]

1. e4 c5 2. Nf3 d6 3. d4 cxd4 4. Nxd4 a6 5. c4 Nf6 6. Nc3 e5 7. Nc2 Be7 8. Be2
O-O 9. O-O Qc7 10. Bg5 Ne8 1-0

[Event "18th American Continental"]
[Site "Foz do Iguacu BRA"]
[Date "2025.05.23"]
[Round "1.83"]
[White "Vaz, Osvaldo Jose"]
[Black "Alboredo, Julia"]
[Result "0-1"]
[BlackTitle "FM"]
[WhiteElo "1749"]
[BlackElo "2165"]
[WhiteFideId "2165023"]
[BlackFideId "2124807"]
[EventDate "2025.05.23"]

1. e4 c5 2. Nf3 Nc6 3. b4 Nxb4 4. c3 Nc6 5. d4 cxd4 6. cxd4 e6 7. Nc3 Bb4 8. Bd2
Nf6 9. Bd3 O-O 10. O-O d6 11. Rc1 e5 12. d5 Ne7 13. h3 Ng6 14. Re1 Nh5 15. Kh2
Ba3 16. Rb1 Bc5 17. Be3 b6 18. Bf1 Qe7 19. g3 Nf6 20. Ng1 Ne8 21. Bg2 f5 22. Rb3
f4 23. Bxc5 fxg3+ 24. fxg3 bxc5 25. Qe2 Nf6 26. Nd1 h5 27. Ne3 h4 28. Nf5 Bxf5
29. exf5 hxg3+ 30. Rxg3 Nf4 31. Qd2 N6h5 32. Rg4 Nxg2 33. Rxg2 Rxf5 34. Ne2 Raf8
35. Reg1 e4 0-1

[Event "18th American Continental"]
[Site "Foz do Iguacu BRA"]
[Date "2025.05.23"]
[Round "1.84"]
[White "Palacio, Igor Da Paz"]
[Black "Lugo Martinez, Jimena Sofia"]
[Result "1-0"]
[WhiteElo "2165"]
[BlackElo "1734"]
[WhiteFideId "2121140"]
[BlackFideId "3710793"]
[EventDate "2025.05.23"]

1. Nf3 d5 2. g3 c6 3. b3 Nf6 4. Bb2 e6 5. Bg2 Bd6 6. d3 Nbd7 7. Nbd2 O-O 8. e4
e5 9. O-O b6 10. exd5 cxd5 11. Re1 Re8 12. d4 e4 13. Ne5 Bxe5 14. dxe5 Nxe5 15.
Bxe5 Rxe5 16. Nxe4 Nxe4 17. Bxe4 f5 18. Bg2 Rxe1+ 19. Qxe1 Bb7 20. Qe6+ Kh8 21.
c4 Bc8 22. Qxd5 Qxd5 23. Bxd5 Rb8 24. Re1 Bd7 25. Re7 Rd8 26. f4 h6 27. Kf2 Kh7
28. Ke3 Kg6 29. Kd4 Kf6 30. Rf7+ Kg6 31. Ke5 a5 32. Re7 Bc8 33. Bf7+ Kh7 34. Re8
Rxe8+ 35. Bxe8 Kg8 36. Bg6 Kf8 37. Kd6 a4 38. Kc7 axb3 39. axb3 Be6 40. Kxb6 Ke7
41. Kc5 Kd7 42. b4 Kc7 43. b5 Kb7 44. Be8 g5 45. Bc6+ Kb8 46. Bd5 Bc8 47. Kd6
gxf4 48. gxf4 h5 49. h4 1-0

[Event "18th American Continental"]
[Site "Foz do Iguacu BRA"]
[Date "2025.05.23"]
[Round "1.85"]
[White "Vieira, Luana Saddi"]
[Black "Lira, Suan Bruno Fernandes"]
[Result "0-1"]
[WhiteElo "1716"]
[BlackElo "2163"]
[WhiteFideId "22738762"]
[BlackFideId "22794620"]
[EventDate "2025.05.23"]

1. e4 c6 2. d4 d5 3. e5 Bf5 4. Nf3 e6 5. Be2 Ne7 6. O-O c5 7. c3 Nec6 8. a3 Nd7
9. b4 cxb4 10. cxb4 Rc8 11. Bd2 Be7 12. Nc3 O-O 13. Rc1 Nb6 14. Na4 Nc4 15. Qb3
b5 16. Nc5 a5 17. Rfd1 Ra8 18. g3 Ra7 19. Ne1 a4 20. Qc3 Bxc5 21. bxc5 N6a5 22.
Bd3 Nb3 23. Rc2 Bg6 24. Bxg6 fxg6 25. Nd3 g5 26. Qb4 Qe8 27. Qc3 Nxa3 28. Re1
Nc4 29. Nb4 Qh5 30. Na2 Qg4 31. Re3 0-1

[Event "18th American Continental"]
[Site "Foz do Iguacu BRA"]
[Date "2025.05.23"]
[Round "1.86"]
[White "Pirola, Claudionor Alcides Lima"]
[Black "Orlandi Neto, Aristides"]
[Result "1-0"]
[WhiteElo "2157"]
[BlackElo "1704"]
[WhiteFideId "2130556"]
[BlackFideId "2133970"]
[EventDate "2025.05.23"]

1. e4 e6 2. d4 d5 3. Nc3 Nf6 4. e5 Nfd7 5. Nce2 c5 6. c3 cxd4 7. cxd4 Nc6 8. Nf3
Bb4+ 9. Nc3 O-O 10. Bd3 f6 11. exf6 Nxf6 12. O-O Bxc3 13. bxc3 Ne4 14. Qc2 e5
15. Nxe5 Nxe5 16. dxe5 Qh4 17. g3 Qh5 18. Bxe4 dxe4 19. Qxe4 Bh3 20. Re1 Bg4 21.
f4 Bf3 22. Qc4+ Kh8 23. Ba3 Rac8 24. Qd3 Rfd8 25. Bd6 b5 26. Re3 Bg4 27. Rf1 Rc4
28. e6 Ra4 29. Re5 Qh3 30. e7 Re8 31. Qxb5 Bd7 32. Qe2 Bg4 33. Qb5 Bd7 34. Qd5
Ra6 35. f5 Bc6 36. Qd2 Ba4 37. f6 gxf6 38. Rxf6 Qd7 39. Rf8+ 1-0

[Event "18th American Continental"]
[Site "Foz do Iguacu BRA"]
[Date "2025.05.23"]
[Round "1.87"]
[White "Spieker, Otavio Schmidt"]
[Black "Piasetski, Leon"]
[Result "0-1"]
[BlackTitle "IM"]
[WhiteElo "1678"]
[BlackElo "2153"]
[WhiteFideId "22733833"]
[BlackFideId "2600072"]
[EventDate "2025.05.23"]

1. e4 g6 2. Nf3 d6 3. d4 Bg7 4. h3 Nf6 5. Nc3 c6 6. Bd3 O-O 7. O-O Qc7 8. Be3 e5
9. Qd2 Nbd7 10. Rfe1 Re8 11. Rad1 b5 12. a3 a6 13. dxe5 dxe5 14. Na2 Bf8 15. b4
c5 16. c3 Bb7 17. Bh6 Rad8 18. Bxf8 Nxf8 19. Qe3 Ne6 20. g3 Rd7 21. Bc2 Red8 22.
Rxd7 Rxd7 23. Ng5 Nxg5 24. Qxg5 Kg7 25. Qe3 cxb4 26. axb4 Qc4 27. Bb1 h6 28. Nc1
Nxe4 29. Bxe4 Qxe4 30. Qxe4 Bxe4 31. Nb3 Bf3 32. Nc5 Rd6 33. Ra1 e4 34. Nxa6 Rd2
35. Re1 Rc2 36. Kf1 Rxc3 37. Nc5 Rc4 38. Na6 Kf6 39. h4 Kf5 40. Re3 g5 41. hxg5
hxg5 42. Re1 Rc6 43. Nc5 Rh6 44. Rc1 Rh1# 0-1

[Event "18th American Continental"]
[Site "Foz do Iguacu BRA"]
[Date "2025.05.23"]
[Round "1.88"]
[White "Brizzi, Milagros Tatiana"]
[Black "Salomon Casali, Oliver"]
[Result "1-0"]
[WhiteTitle "WIM"]
[WhiteElo "2152"]
[BlackElo "1677"]
[WhiteFideId "128350"]
[BlackFideId "3713709"]
[EventDate "2025.05.23"]

1. Nf3 d5 2. g3 Nf6 3. Bg2 g6 4. O-O Bg7 5. d3 O-O 6. Nbd2 Re8 7. e4 dxe4 8.
dxe4 e5 9. Qe2 c5 10. Rd1 Qc7 11. Nc4 Nc6 12. c3 Be6 13. Bg5 Rad8 14. Nfd2 h6
15. Bxf6 Bxf6 16. Ne3 Ne7 17. a4 Bg5 18. Ndc4 Bxe3 19. Nxe3 c4 20. Nd5 Nxd5 21.
exd5 Bf5 22. Qe3 Qb6 23. Qxh6 Qxb2 24. Rac1 Bd3 25. h4 Qe2 26. Rd2 Qh5 27. Qe3
b6 28. Be4 Qg4 29. Bxd3 cxd3 30. Rxd3 Qxa4 31. c4 Qd7 32. h5 Qh3 33. hxg6 fxg6
34. d6 Qe6 35. Rcd1 Qxc4 36. d7 Re7 37. Qg5 Qf7 38. Rd6 Rdxd7 39. Rxg6+ Kf8 40.
Rxd7 Rxd7 41. Rf6 Re7 42. g4 a5 43. Qh6+ 1-0

[Event "18th American Continental"]
[Site "Foz do Iguacu BRA"]
[Date "2025.05.23"]
[Round "1.89"]
[White "Paredes Almada, Andres Joaquin"]
[Black "Da Silva Borges, Rodrigo"]
[Result "0-1"]
[WhiteElo "1670"]
[BlackElo "2146"]
[WhiteFideId "3713733"]
[BlackFideId "2115778"]
[EventDate "2025.05.23"]

1. e4 c6 2. Nf3 d5 3. exd5 cxd5 4. Ne5 a6 5. d4 Nc6 6. c3 Bf5 7. Bd3 Bxd3 8.
Qxd3 Nxe5 9. dxe5 e6 10. O-O Qc7 11. Re1 Ne7 12. f4 h5 13. g3 Nf5 14. b4 a5 15.
Qb5+ Qc6 16. a4 axb4 17. Qxc6+ bxc6 18. a5 bxc3 19. Nxc3 Bb4 20. Bd2 Rxa5 21.
Rxa5 Bxa5 22. Ra1 Bb6+ 23. Kg2 O-O 24. Ra6 Rb8 25. Na4 Bd4 26. Rxc6 Ra8 27. Nc3
Bxc3 28. Rxc3 Ra2 29. Rd3 Kh7 30. h3 h4 31. g4 Ng3 32. Kf3 Ne4 33. Ke2 g5 34. f5
exf5 35. gxf5 g4 36. hxg4 Rxd2+ 37. Rxd2 Nxd2 38. g5 Ne4 39. e6 fxe6 40. fxe6
Kg6 41. Kf3 Kxg5 42. e7 Nf6 43. Kg2 Kg4 44. Kh2 h3 45. e8=Q Nxe8 46. Kh1 Kg3 47.
Kg1 Nf6 48. Kh1 Ng4 49. Kg1 h2+ 50. Kh1 Nf2# 0-1

[Event "18th American Continental"]
[Site "Foz do Iguacu BRA"]
[Date "2025.05.23"]
[Round "1.91"]
[White "Janke, Ligia"]
[Black "Bueno, Alfeu Junior Varela"]
[Result "0-1"]
[BlackTitle "FM"]
[WhiteElo "1649"]
[BlackElo "2142"]
[WhiteFideId "538021609"]
[BlackFideId "2108879"]
[EventDate "2025.05.23"]

1. e4 e6 2. d4 d5 3. exd5 exd5 4. Nf3 Nc6 5. Bb5 Bd6 6. Bg5 f6 7. Be3 Ne7 8. O-O
Bg4 9. c3 Qd7 10. Nbd2 O-O 11. c4 dxc4 12. Bxc4+ Kh8 13. Qc1 Nb4 14. Ne1 b5 15.
Bb3 Be2 16. Nef3 Bxf1 17. Qxf1 Nbd5 18. Ne4 Nxe3 19. fxe3 Nf5 20. Qd3 Rfe8 21.
Bc2 Bf8 22. Nxf6 gxf6 23. Qxf5 Qxf5 24. Bxf5 Rxe3 25. Rc1 Bd6 26. Rc2 b4 27. Kf2
Re7 28. d5 a5 29. h3 Be5 30. Be6 Bf4 31. Nd4 h5 32. Kf3 Bh2 33. Nf5 Rh7 34. Kf2
Be5 35. Kf3 Rb8 36. Ne3 a4 37. b3 axb3 38. axb3 Re7 39. Nc4 Bc3 40. Na5 Ra8 41.
Nc6 Rg7 42. g4 Kh7 43. gxh5 Kh6 44. Kf4 Kxh5 45. Kf5 Ra1 46. Ke4 Rg3 47. Nd4
Re1+ 48. Kf4 Rd3 49. Bf7+ Kh6 50. Nf5+ Kh7 51. Rg2 Bd2+ 52. Kg4 Rf1 53. Kh4 Rf4+
54. Rg4 Be1+ 55. Kh5 Rxh3+ 0-1

[Event "18th American Continental"]
[Site "Foz do Iguacu BRA"]
[Date "2025.05.23"]
[Round "1.93"]
[White "De Andrade, Arthur Batuli"]
[Black "Carrasco Jacome, Bryan"]
[Result "0-1"]
[WhiteElo "1646"]
[BlackElo "2141"]
[WhiteFideId "22789820"]
[BlackFideId "3618986"]
[EventDate "2025.05.23"]

1. e4 c6 2. Nc3 d5 3. Nf3 Bg4 4. h3 Bxf3 5. Qxf3 e6 6. d3 Nf6 7. g3 Be7 8. Bg2
a5 9. Bf4 a4 10. a3 Qa5 11. O-O O-O 12. Qe2 d4 13. Nb1 e5 14. Bg5 Qd8 15. Bxf6
Bxf6 16. Nd2 c5 17. Qg4 Qd7 18. Qxd7 Nxd7 19. f4 b5 20. Nf3 Rfe8 21. Rac1 Ra7
22. Rf2 Bd8 23. Kf1 Bc7 24. f5 b4 25. Nd2 Nb6 26. Rb1 Rb8 27. Ke2 Bd6 28. Rff1
Rc7 29. Nc4 Nxc4 30. dxc4 Rcb7 31. Rf3 bxa3 32. Rxa3 Rxb2 33. Rxb2 Rxb2 34. Kd3
Rb4 35. Bf3 g6 36. Bg4 h5 37. Bf3 Bf8 38. g4 hxg4 39. Bxg4 Bh6 40. fxg6 Bc1 41.
gxf7+ Kf8 42. Ra1 Bb2 43. Rf1 Kg7 44. Rg1 a3 45. c3 dxc3 46. Bd1+ Kf8 47. Rf1
Ke7 48. Bb3 Rxb3 49. Kc2 Rb4 50. Kb1 c2+ 51. Ka2 Rxc4 52. h4 c1=Q 53. Rxc1 Rxc1
54. h5 c4 55. h6 Ra1# 0-1

[Event "18th American Continental"]
[Site "Foz do Iguacu BRA"]
[Date "2025.05.23"]
[Round "1.94"]
[White "Souza Neves, Andrey M."]
[Black "Pereira Fo, Hildebrando Apolonio"]
[Result "1-0"]
[WhiteTitle "FM"]
[WhiteElo "2138"]
[BlackElo "1620"]
[WhiteFideId "2101815"]
[BlackFideId "2139510"]
[EventDate "2025.05.23"]

1. e4 c5 2. Nf3 d6 3. Bb5+ Bd7 4. Bxd7+ Nxd7 5. O-O Ngf6 6. Qe2 g6 7. c3 Bg7 8.
d4 e5 9. dxe5 dxe5 10. c4 O-O 11. Nc3 Re8 12. Rd1 a6 13. a4 Qc7 14. Be3 Qc6 15.
Bg5 h6 16. Bxf6 Nxf6 17. Nd5 Kh7 18. a5 Ng8 19. Ra3 f5 20. Rb3 Rad8 21. Rb6 Qc8
22. Nh4 Re6 23. exf5 gxf5 24. g4 Rxb6 25. axb6 Nf6 26. Nxf5 Qe6 27. Nxf6+ Bxf6
28. Rxd8 Bxd8 29. Qe4 Qxb6 30. Nd6+ Kg7 31. Qd5 Kf6 32. Qf7+ Kg5 33. Qf5+ 1-0

[Event "18th American Continental"]
[Site "Foz do Iguacu BRA"]
[Date "2025.05.23"]
[Round "1.95"]
[White "Mereles Riquelme, Mauricio"]
[Black "Librelato, Kathie Goulart"]
[Result "0-1"]
[BlackTitle "WIM"]
[WhiteElo "1615"]
[BlackElo "2138"]
[WhiteFideId "3708322"]
[BlackFideId "2153963"]
[EventDate "2025.05.23"]

1. e4 e5 2. Nf3 Nc6 3. Bb5 Nf6 4. d3 Bc5 5. c3 O-O 6. O-O d6 7. Bg5 h6 8. Bh4 g5
9. Nxg5 hxg5 10. Bxg5 Kg7 11. Kh1 Rh8 12. Bxc6 bxc6 13. d4 Rxh2+ 14. Kxh2 Qh8+
15. Kg1 Ng4 16. Re1 Qh2+ 17. Kf1 Ba6+ 0-1

[Event "18th American Continental"]
[Site "Foz do Iguacu BRA"]
[Date "2025.05.24"]
[Round "2.3"]
[White "Martinez Alcantara, Jose Eduardo"]
[Black "Pierrot, Facundo"]
[Result "1-0"]
[WhiteTitle "GM"]
[BlackTitle "IM"]
[WhiteElo "2611"]
[BlackElo "2253"]
[WhiteFideId "3805662"]
[BlackFideId "103250"]
[EventDate "2025.05.23"]

1. c4 c5 2. Nc3 Nc6 3. g3 g6 4. Bg2 Bg7 5. Nf3 e6 6. d4 cxd4 7. Nb5 d5 8. cxd5
exd5 9. O-O Nge7 10. Nbxd4 O-O 11. Be3 Re8 12. Rc1 Nf5 13. Nxc6 bxc6 14. Bd4 Bd7
15. Bxg7 Kxg7 16. Qd2 a5 17. b3 Qf6 18. e3 h5 19. h4 a4 20. b4 a3 21. Ng5 Nd6
22. e4 d4 23. f4 Nb5 24. e5 Qe7 25. e6 fxe6 26. Nf3 Qd6 27. Ne5 Rec8 28. Qd3 Be8
29. Bxc6 1-0

[Event "18th American Continental"]
[Site "Foz do Iguacu BRA"]
[Date "2025.05.24"]
[Round "2.5"]
[White "Mareco, Sandro"]
[Black "Rodrigues, Edgar"]
[Result "1-0"]
[WhiteTitle "GM"]
[BlackTitle "FM"]
[WhiteElo "2585"]
[BlackElo "2245"]
[WhiteFideId "112275"]
[BlackFideId "2107090"]
[EventDate "2025.05.23"]

1. Nf3 Nf6 2. g3 g6 3. b3 Bg7 4. Bb2 O-O 5. Bg2 d6 6. d4 c6 7. O-O Qa5 8. Nbd2
Qh5 9. e4 Bg4 10. Re1 Na6 11. Qe2 Nc7 12. Qf1 Rad8 13. h3 Bc8 14. e5 Nfd5 15. c4
Nb4 16. g4 Bxg4 17. hxg4 Qxg4 18. a3 Nba6 19. Re4 Qc8 20. Bh3 Qb8 21. Rae1 d5
22. Rh4 c5 23. Qg2 b5 24. cxd5 Rxd5 25. Ne4 cxd4 26. Nxd4 Qb6 27. Nf5 Re8 28.
Nxg7 Kxg7 29. Qg5 1-0

[Event "18th American Continental"]
[Site "Foz do Iguacu BRA"]
[Date "2025.05.24"]
[Round "2.6"]
[White "Zallio, Luciano de Souza"]
[Black "Jacobson, Brandon"]
[Result "0-1"]
[WhiteTitle "CM"]
[BlackTitle "GM"]
[WhiteElo "2243"]
[BlackElo "2582"]
[WhiteFideId "2109700"]
[BlackFideId "30901561"]
[EventDate "2025.05.23"]

1. Nf3 d5 2. b3 c5 3. Bb2 Nc6 4. g3 f6 5. Bg2 e5 6. d3 Nge7 7. Nbd2 Be6 8. e4
Qd7 9. Qe2 d4 10. a4 O-O-O 11. Ba3 b6 12. Nc4 Kb7 13. Qd2 Nc8 14. Nh4 Nd6 15. f4
Be7 16. f5 Bf7 17. O-O g5 18. Nf3 h5 19. h3 g4 20. Nxd6+ Qxd6 21. hxg4 hxg4 22.
Nh4 Bf8 23. Qe2 Bh6 24. Bc1 Bxc1 25. Raxc1 Qf8 26. Kf2 Qg7 27. Rh1 Qg5 28. Rcd1
Nb4 29. Ra1 Qe3+ 30. Qxe3 dxe3+ 31. Ke2 Nxc2 32. Rab1 Bxb3 33. a5 c4 0-1

[Event "18th American Continental"]
[Site "Foz do Iguacu BRA"]
[Date "2025.05.24"]
[Round "2.7"]
[White "Hong, Andrew"]
[Black "Lima, Stefan Moisei VIeira"]
[Result "1-0"]
[WhiteTitle "GM"]
[BlackTitle "FM"]
[WhiteElo "2579"]
[BlackElo "2241"]
[WhiteFideId "2099438"]
[BlackFideId "22782273"]
[EventDate "2025.05.23"]

1. Nf3 e6 2. c4 f5 3. g3 Nf6 4. Bg2 d5 5. O-O c6 6. d3 Be7 7. b3 O-O 8. Bb2 Re8
9. Nbd2 Nbd7 10. Qc2 Bf8 11. e4 Nc5 12. Ne5 a5 13. Rad1 Qb6 14. Bd4 Qc7 15. Rfe1
Rd8 16. cxd5 cxd5 17. exf5 exf5 18. Rc1 b6 19. Ndc4 dxc4 20. Bxc5 Qxc5 21. d4
Rxd4 22. Bxa8 b5 23. bxc4 bxc4 24. Nxc4 f4 25. Qb3 a4 26. Qxa4 Bg4 27. Qb3 1-0

[Event "18th American Continental"]
[Site "Foz do Iguacu BRA"]
[Date "2025.05.24"]
[Round "2.8"]
[White "Terao, Juliana Sayumi"]
[Black "Bachmann, Axel"]
[Result "0-1"]
[WhiteTitle "FM"]
[BlackTitle "GM"]
[WhiteElo "2229"]
[BlackElo "2570"]
[WhiteFideId "2109220"]
[BlackFideId "3700488"]
[EventDate "2025.05.23"]

1. e4 e5 2. Nf3 Nc6 3. Bb5 a6 4. Ba4 Nf6 5. d3 d6 6. c3 g6 7. O-O Bg7 8. Nbd2
O-O 9. Re1 Bd7 10. Nf1 Nh5 11. b4 f5 12. Bb3+ Kh8 13. exf5 Bxf5 14. Ng5 d5 15.
d4 h6 16. g4 hxg5 17. gxh5 exd4 18. hxg6 Bxg6 19. Qg4 Ne5 20. Rxe5 Bxe5 21. cxd4
Bf4 22. Ne3 c6 23. Qh3+ Kg7 24. Ng4 Rh8 25. Qg2 Qd6 26. h3 Bxc1 27. Rxc1 Qf4 28.
Rc3 Rae8 0-1

[Event "18th American Continental"]
[Site "Foz do Iguacu BRA"]
[Date "2025.05.24"]
[Round "2.9"]
[White "Supi, Luis Paulo"]
[Black "Aguinaga, Maximiliano"]
[Result "1-0"]
[WhiteTitle "GM"]
[WhiteElo "2566"]
[BlackElo "2226"]
[WhiteFideId "2106388"]
[BlackFideId "119300"]
[EventDate "2025.05.23"]

1. c4 e5 2. e3 Nc6 3. Nc3 g6 4. d4 d6 5. Nf3 Bg7 6. Be2 Nge7 7. O-O O-O 8. d5
Nb8 9. e4 Nd7 10. b4 a5 11. bxa5 Rxa5 12. a4 h6 13. Nd2 Nc5 14. Ba3 b6 15. Bb4
Ra8 16. a5 Bd7 17. Nb5 Nc8 18. axb6 Rxa1 19. Qxa1 cxb6 20. Bc3 f5 21. exf5 gxf5
22. f4 Qe7 23. fxe5 Bxb5 24. cxb5 Bxe5 25. Bc4 Bxc3 26. Qxc3 Ne4 27. Nxe4 fxe4
28. Re1 Re8 29. Bd3 Qe5 30. Qc4 e3 31. Qg4+ Qg5 32. Qd7 Qe7 33. Qh3 Qg5 34. Bf5
Ne7 35. Be6+ Kh8 36. Qf3 Ng6 37. Rxe3 Rf8 38. Qg3 Qf6 39. h3 Ne5 40. Kh2 Qf4 41.
Rc3 Nc4 42. Rf3 Qxg3+ 43. Kxg3 Rxf3+ 44. Kxf3 Kg7 45. Kf4 Kf6 46. Bf5 Ne5 47. g4
Nf7 48. h4 Ne5 49. Be4 Nf7 50. Bf5 Ne5 51. g5+ hxg5+ 52. hxg5+ Kg7 53. Be4 Kf7
54. Kf5 Ng6 55. Bd3 Ne7+ 56. Kg4 Kg7 57. Be4 Kf7 58. Kh4 Kg7 59. Kg4 Kf7 60. Kh5
Kg7 61. g6 Kh8 62. Kh6 Ng8+ 63. Kg5 Kg7 64. Kf5 Nf6 65. Bg2 Ne8 66. Bf1 Nc7 67.
Bc4 Ne8 68. Ke6 Kxg6 69. Ke7 Nf6 70. Kxd6 Kf7 71. Kc6 Ke7 72. d6+ Kd8 73. Be6
Nd7 74. Bh3 Nf6 75. Kxb6 Nd5+ 76. Kc5 Nc3 77. b6 1-0